=LDR 00000nam 2200000 4500 =001 INLIS000000000027734 =005 20130612130103 =008 ***********************************Ind** =035 ##$$0010-061300000027734 =041 ##$$a Ind =082 ##$$a 574.76 =090 ##$$a 574.76, Kum k =245 ##$$a Kumpulan soal dan pembahasan bank soal sains biologi untukm SMP kelas VII,VIII, dan IX, lilis Supriatini ... (et al.) =260 ##$$a 2006 $b Bandung =300 ##$$a 196 hlm., ilus., 31 cm =650 ##$$a Biologi-soal =700 ##$$a SUPRIATINI, Lilis =850 ##$$a NBPNMAT